| 000 | 01578nam a2200397 i 4500 | ||
|---|---|---|---|
| 001 | 195558 | ||
| 003 | SpMaBN | ||
| 005 | 20241024184851.0 | ||
| 007 | ta | ||
| 008 | 240624s1981 gw spa | ||
| 016 | 7 |
_abimoBNE19910232243 _zSAB9000025888 _2SpMaBN |
|
| 035 | _a(OCoLC)434842818 | ||
| 035 | _abimo0000022988 | ||
| 040 |
_aSpMaBN _bspa _cSpMaBN _erdc _dES-MaACL |
||
| 080 | _a860(85) Vallejo, César 1.06(042) | ||
| 245 | 0 | 0 |
_aCésar Vallejo : _bactas del coloquio internacional : Freie Universität Berlin, 7-9 junio 1979 / _ceditadas por Gisela Beutler y Alejandro Losada con la colaboración de Klaus Zimmermann. |
| 260 |
_aTübingen : _bNiemeyer, _c1981. |
||
| 300 |
_aVIII, 150 p. ; _c25 cm |
||
| 336 |
_2rdacontent _atexto |
||
| 337 |
_2rdamedia _asin mediación |
||
| 338 |
_2rdacarrier _avolumen |
||
| 490 | 1 |
_aBeihefte zur Iberoromania ; _v1 |
|
| 500 | _aEn español y alemán. | ||
| 600 | 1 | 4 |
_aVallejo, César, _d1892-1938 _xCrítica e interpretación _2embne _9112834 |
| 700 | 1 |
_aBeutler, Gisela, _d1919-1996 _9237180 _eedt |
|
| 700 | 1 |
_aLosada, Alejandro, _d1936-1985 _9237181 _eedt |
|
| 700 |
_aZimmermann, Klaus, _d1947- _9237182 _eclb |
||
| 830 |
_aBeihefte zur Iberoromania ; _9237183 _v1 |
||
| 852 |
_aES-MaACL _cDEPOF _jFOLL-BUE-125 _hLegado: Antonio Buero Vallejo _9203766 |
||
| 903 |
_932421 _aBuero Vallejo, Antonio, _q1 _d1916-2000 _ednr |
||
| 942 |
_n0 _cFOLLETOS |
||
| 999 |
_c195558 _d195558 |
||